| 000 | 01000nam a2200313 a 4500 | ||
|---|---|---|---|
| 001 | 000008925 | ||
| 003 | DO-SdBPM | ||
| 005 | 20250626112609.0 | ||
| 007 | ta | ||
| 008 | 090921s1998 dr 001 0 spa d | ||
| 020 | _a8484002535 | ||
| 040 |
_aDO-SdBPM _bspa _cBPMSU _drda |
||
| 082 | 4 |
_aRD860.44 _bF819s 1998 _222 |
|
| 100 | 1 | _aFrancisco, Ramón | |
| 245 | 1 | 0 |
_aSobre arte y literatura / _cRamón Francisco. |
| 260 |
_b _c |
||
| 264 |
_aSanto Domingo : _bEditora Taller, _c1998 |
||
| 300 |
_a188 páginas . ; _c23 cm. |
||
| 336 |
_atexto _btxt _2rdacontent |
||
| 337 |
_asin mediación _bn _2rdamedia |
||
| 338 |
_avolumen _bnc _2rdacarrier |
||
| 500 | _aIncluye datos biográficos del autor en la contracubierta | ||
| 500 | _aIncluye índice | ||
| 590 | _aInventariado, 2025/VM | ||
| 650 | 7 |
_aLiteratura dominicana _ySiglo XX _xEnsayos, conferencias, etc. |
|
| 650 | 7 |
_aArte dominicano _xEnsayos, conferencias, etc. |
|
| 910 | _aVMateo V. Control de calidad BPMSU | ||
| 942 |
_2ddc _cBK |
||
| 999 |
_c15225 _d15225 |
||